000 00291nam a22001337a 4500
008 170601b xxu||||| |||| 00| 0 eng d
020 _a9780759106314
041 _aeng
080 _a94
100 _a17
101 _aSHH
245 _aMIDVEST AMERICA COMMON
_cBARLOW.P
942 _2udc
_cBK
999 _c15493
_d15493